The MEDA programme in Morocco 12 years on : results, experiencesand trends /
Uloženo v:
| Hlavní autor: | |
|---|---|
| Korporativní autor: | |
| Médium: | Elektronický zdroj E-kniha |
| Jazyk: | angličtina |
| Vydáno: |
Barcelona :
Fundació CIDOB, Barcelona Centre for International Affairs,
2008.
|
| Edice: | Documentos CIDOB. Mediterráneo y Oriente Medio,
11 |
| Témata: | |
| On-line přístup: | Digitalia Hispánica |
| Tagy: |
Přidat tag
Žádné tagy, Buďte první, kdo vytvoří štítek k tomuto záznamu!
|
MARC
| LEADER | 00000nam a2200000Ia 4500 | ||
|---|---|---|---|
| 001 | DIGCIDOB105 | ||
| 003 | NyNyDIG | ||
| 006 | m o d | ||
| 007 | cr ||||||||||| | ||
| 008 | 150101s2008 sp ob 000 0 eng d | ||
| 035 | |a (OCoLC)1335126654 | ||
| 040 | |a DGITA |b eng |e rda |e pn |c DGITA | ||
| 043 | |a f-mr--- |a e------ | ||
| 050 | 1 | 4 | |a HF1532.92 |
| 100 | 1 | |a Natorski, Michal, |e author. | |
| 245 | 1 | 4 | |a The MEDA programme in Morocco 12 years on : |b results, experiencesand trends / |c Michal Natorski. |
| 264 | 1 | |a Barcelona : |b Fundació CIDOB, Barcelona Centre for International Affairs, |c 2008. | |
| 300 | |a 1 online resource (54 pages) | ||
| 336 | |a text |b txt |2 rdacontent | ||
| 337 | |a computer |b c |2 rdamedia | ||
| 338 | |a online resource |b cr |2 rdacarrier | ||
| 490 | 1 | |a Documentos CIDOB. |a Mediterráneo ; |v 11 | |
| 500 | |a "El Programa MEDA, establecido en el 1996, constituyó hasta el 2007 la principal fuente de ayuda financiera prestada por la UE a los socios mediterráneos participantes del Proceso de Barcelona" | ||
| 504 | |a Includes bibliographical references (pages 48-54) | ||
| 588 | |a Description based on online resource; title from PDF title page (Digitalia, viewed December 5, 2014) | ||
| 651 | 0 | |a European Union countries |x Foreign economical relations |z Morocco. | |
| 651 | 0 | |a Morocco |x Foreign economical relations |z European Union countries. | |
| 655 | 7 | |a Periodicals. |2 lcgft | |
| 710 | 2 | |a CIDOB (Center) | |
| 793 | 0 | |g Digitalia e-journal Collection: |a CIDOB, Barcelona | |
| 791 | 2 | |a Digitalia (Firm), |e distributor. | |
| 830 | 0 | |a Documentos CIDOB. |p Mediterráneo y Oriente Medio, |x 1696-9979 ; |v 11 | |
| 856 | 4 | 0 | |3 Digitalia Hispánica |u https://digitalia.unach.elogim.com/a/23850/ |